Organising for change (Record no. 107435)
[ view plain ]
| 000 -LEADER | |
|---|---|
| fixed length control field | 01202cam a22002415a 4500 |
| 001 - CONTROL NUMBER | |
| control field | L140135 |
| 008 - FIXED-LENGTH DATA ELEMENTS--GENERAL INFORMATION | |
| fixed length control field | 070905s2007 xxk f 000 0 eng d |
| 035 ## - SYSTEM CONTROL NUMBER | |
| System control number | (Sirsi) u140135 |
| 041 0# - LANGUAGE CODE | |
| Language code of text/sound track or separate title | eng |
| 050 04 - LIBRARY OF CONGRESS CALL NUMBER | |
| Classification number | 658.46 $2 18 |
| 100 1# - MAIN ENTRY--PERSONAL NAME | |
| Personal name | Tranfield, D |
| 245 00 - TITLE STATEMENT | |
| Title | Organising for change |
| Remainder of title | conflicts and dilemmas in surveying and consulting |
| 260 ## - PUBLICATION, DISTRIBUTION, ETC. | |
| Place of publication, distribution, etc. | London |
| Name of publisher, distributor, etc. | RICS |
| Date of publication, distribution, etc. | 2007 |
| 300 ## - PHYSICAL DESCRIPTION | |
| Extent | 47p. |
| Dimensions | 30cm. |
| 350 ## - PRICE (NR) (BK AM CF MU VM SE) [OBSOLETE] | |
| Price | 35 |
| 505 2# - FORMATTED CONTENTS NOTE | |
| Formatted contents note | Executive summary -- Introduction -- The case of the chartered accountancy firms -- The case of IT consultancy -- Ethics and ethical behaviour -- Current practice in the surveying profession -- The demand side -- Conclusions and recommendations |
| 520 ## - SUMMARY, ETC. | |
| Summary, etc. | Investigates the organisational and ethical conflicts and dilemmas for surveyors, surveying firms and RICS itself of the opportunities for the surveying profession in offering value added advisory services to clients. Report develops ideas from "Changing Times: strategic consulting for professional effectiveness" (See J118669). |
| 590 ## - LOCAL NOTE (RLIN) | |
| Local note | KA |
| 651 #4 - SUBJECT ADDED ENTRY--GEOGRAPHIC NAME | |
| Geographic name | United Kingdom |
| Chronological subdivision | |
| 690 ## - LOCAL SUBJECT ADDED ENTRY--TOPICAL TERM (OCLC, RLIN) | |
| Topical term or geographic name as entry element | ABOUT RICS-RICS PROFESSIONAL REGULATION AND CONSUMER PROTECTION |
| 700 1# - ADDED ENTRY--PERSONAL NAME | |
| Personal name | Gleadle, Pauline |
| 942 ## - ADDED ENTRY ELEMENTS (KOHA) | |
| Suppress in OPAC | 0 |
| Withdrawn status | Lost status | Source of classification or shelving scheme | Damaged status | Not for loan | Home library | Current library | Shelving location | Date acquired | Total Checkouts | Full call number | Barcode | Date last seen | Copy number | Price effective from | Koha item type | Date last checked out |
|---|---|---|---|---|---|---|---|---|---|---|---|---|---|---|---|---|
| Dewey Decimal Classification | London | London | RICS Boxes | 06/09/2007 | RICS 2003/54 | 30074254 | 06/08/2019 | 2 | 06/08/2019 | Reference material | ||||||
| Dewey Decimal Classification | London | London | RICS Boxes | 06/09/2007 | 2 | RICS 2003/54 | 30074255 | 06/08/2019 | 3 | 06/08/2019 | Book | 30/08/2017 | ||||
| Dewey Decimal Classification | London | London | RICS Boxes | 06/09/2007 | 2 | RICS 2003/54 | 30074251 | 06/08/2019 | 4 | 06/08/2019 | Archive | 27/04/2009 |